00218 a2200109 4500001000700000020000600007040001100013100002600024240002700050245002200077362000900099162439 a  cMagnum aAndreola, Balduino A.10aDinamica de grupolpor10aDinamica de grupo0 a1899